[Event "Bogota IRT op 08"]
[Site "Bogota"]
[Date "2012.08.20"]
[Round "6"]
[White "Fraile Vela, Maria Isabel"]
[Black "Cortes, Oscar Javier"]
[Result "1-0"]
[WhiteElo "1741"]
[BlackElo "1600"]
[PlyCount "40"]
[EventDate "2012.08.17"]
[EventType "swiss"]
[EventRounds "7"]
[EventCountry "COL"]
[SourceTitle "EXT 2013"]
[Source "ChessBase"]
[SourceDate "2012.11.22"]
[SourceVersion "1"]
[SourceVersionDate "2012.11.22"]
[SourceQuality "1"]

1. e4 e5 2. Nf3 Nc6 3. Bb5 Nf6 4. Nc3 Bc5 5. Bxc6 dxc6 6. Nxe5 Qd4 7. Nd3 Bb6 8. Qe2 0-0 9. b3 Re8 10. f3 Ba5 11. Bb2 b5 12. Nxb5 Qd8 13. Nd4 Bb7 14. 0-0-0 Bb6 15. Nf5 a6 16. g4 g6 17. g5 Nd7 18. Nh6+ Kf8 19. Ba3+ c5 20. Nxc5 Bxc5 1-0

[Event "Bogota IRT op 08"]
[Site "Bogota"]
[Date "2012.08.17"]
[Round "1"]
[White "Cortes, Oscar Javier"]
[Black "Prado, Leonardo"]
[Result "0-1"]
[WhiteElo "1600"]
[BlackElo "1889"]
[PlyCount "22"]
[EventDate "2012.08.17"]
[EventType "swiss"]
[EventRounds "7"]
[EventCountry "COL"]
[SourceTitle "EXT 2013"]
[Source "ChessBase"]
[SourceDate "2012.11.22"]
[SourceVersion "1"]
[SourceVersionDate "2012.11.22"]
[SourceQuality "1"]

1. d4 b6 2. c4 e6 3. Nc3 d5 4. Nf3 Nf6 5. Bg5 Be7 6. e3 0-0 7. Ne5 c6 8. Bxf6 Bxf6 9. Qh5 Bxe5 10. Qxe5 f5 11. Bd3 Nd7 0-1